[Event "EU-Cup 11th final"]
[Site "Ljubljana"]
[Date "1995.11.30"]
[Round "1"]
[White "Damljanovic, Branko"]
[Black "Dvoirys, Semen I"]
[Result "0-1"]
[WhiteElo "2555"]
[BlackElo "2580"]
[Annotator "Stohl,I"]
[PlyCount "124"]
[EventDate "1995.11.30"]
[EventType "team-k.o."]
[EventRounds "3"]
[EventCountry "SLO"]
[SourceTitle "EXT 2020"]
[Source "ChessBase"]
[SourceDate "2019.10.17"]
[SourceVersion "1"]
[SourceVersionDate "2019.10.17"]
[SourceQuality "1"]
[WhiteTeam "Zemun Agrouniverzal"]
[BlackTeam "Chelyabinsk Poliot-Kadyr"]
[WhiteTeamCountry "SRB"]
[BlackTeamCountry "RUS"]

1. Nf3 {Hecht} Nf6 2. c4 c5 3. g3 b6 4. Bg2 Bb7 5. O-O g6 6. Nc3 Bg7 7. d4 cxd4
8. Qxd4 Nc6 {Usually in hedgehog-type positions, such as this one, the Black N
is better placed on d7, keeping free the a8-h1 diagonal for Bb7. Even practice
proves it in this case.} (8... d6 $142 9. Rd1 (9. Be3 Nbd7 10. Rac1 Rc8 11. b3
O-O 12. Qd2 Re8 13. Bh6 Bh8 14. Rfd1 Qc7 15. Nd5 Qb8 16. Bh3 Rcd8 17. Qf4 e6
18. Nxf6+ Nxf6 19. Bg5 Nh5 20. Qh4 Rd7 21. Bg2 d5 22. e3 f6 23. Bh6 Ng7 24. e4
Qd8 $13 {Cvitan,O-Adler,J/Bern/1992/}) 9... Nbd7 10. Be3 Rc8 11. Rac1 O-O (
11... Nc5 12. b3 Qd7 13. Qh4 Qg4 14. Qxg4 Nxg4 15. Bd4 Ne6 16. Bxg7 Nxg7 17.
Nd4 Bxg2 18. Kxg2 Ne6 19. h3 Ne5 20. f4 Nxd4 21. Rxd4 Nc6 22. Rd2 f6 23. h4 h5
24. e3 Kf7 $10 {Valiente R,C-Panno,O/Sao Paulo zt/1993/}) 12. Qh4 Re8 13. b3 h5
14. h3 Nf8 15. g4 Rb8 16. Nd5 N8h7 17. Ng5 Nxg5 18. Bxg5 hxg4 19. hxg4 Qd7 20.
Bf3 Nxd5 21. cxd5 f6 $132 {Wojtkiewicz,A-Ftacnik,L/Wien Open/1990/ (23)}) 9.
Qf4 Rc8 (9... O-O 10. Qh4 Rc8 (10... Na5 11. Bh6 Rc8 12. b3 Rc5 13. Bxg7 Kxg7
14. e4 Nc6 15. Rad1 d6 16. Nd5 Ng8 17. Qf4 b5 18. cxb5 Rxb5 19. Qe3 a5 20. Rc1
e6 21. Nc3 Rb4 22. Rfd1 Qb8 23. Ne1 Ba8 24. Nc2 Rb7 25. Nd4 $16 {Najdorf,
M-Emma,J/Buenos Aires Konex/1979/}) 11. Bh6 (11. Bg5 Ne8 12. Rad1 Bxc3 13. bxc3
f6 14. Bh6 Rf7 15. Qg4 e6 16. Rd3 Qe7 17. Rfd1 d6 18. Re3 f5 19. Qh3 Na5 20.
Ng5 Rf6 21. Bd5 Bxd5 22. cxd5 e5 23. Rf3 $13 {Damljanovic,B-Djuric,S/Bled/
Rogaska Slatina/1991/}) 11... Nb8 12. b3 d6 13. Rad1 Rc5 14. Bxg7 Kxg7 15. Qd4
Nbd7 16. e4 a6 17. Rfe1 Qa8 18. Na4 Ra5 19. Nxb6 Nxb6 20. Qxb6 Rxa2 21. Rd2
Rxd2 22. Nxd2 $36 {Speelman,J-Greenfeld,A/Beersheva/1987/}) 10. Rb1 (10. Rd1 $5
d6 (10... O-O 11. Bd2 Nh5 12. Qh4 Na5 13. b3 f5 14. Rac1 Nc6 15. Nd5 e6 16.
Qxd8 Rfxd8 17. Nc3 Nf6 18. Bf4 Ne8 19. Nb5 a6 20. Nc3 Nb4 21. Bg5 Bf6 22. Bxf6
Nxf6 23. a3 Nc6 24. Na4 Na5 25. Nxb6 Rc6 26. b4 $14 {Kramnik,V-Benjamin,J /New
York PCA 25'/1994/}) (10... Nh5 11. Qe3 Nb4 12. Rb1 Rxc4 13. Ne5 Bxe5 14. Qxe5
f6 15. Qb5 Ba6 16. Qa4 Qc8 17. Qb3 Ng7 18. Nd5 $44 {Panno,O-Ljubojevic,L/
Petropolis izt /1973/}) 11. b3 $5 (11. Bd2 O-O 12. Rac1 h6 13. b3 Qd7 14. Nd5
Nxd5 15. cxd5 Ne5 16. Nxe5 dxe5 17. Qh4 g5 18. Qh5 Bxd5 19. Bc3 e4 20. Bxe4 e6
21. Bxg7 Rxc1 22. Rxc1 Kxg7 23. Rd1 Qe7 24. Bxd5 Rd8 25. e4 $14 {Ribli,
Z-Spassky,B/Montpellier ct/1985/}) 11... Ne4 $2 12. Nxe4 Bxa1 13. Ba3 Bg7 14.
Nfg5 O-O 15. Nxh7 $1 Kxh7 16. Ng5+ Kg8 17. Qh4 Re8 18. Bh3 Kf8 19. Ne6+ $1 $18
{Ribli,Z-Kouatly,B/Luzern tt WCh/1985/}) 10... O-O (10... a6 11. b3 b5 12. cxb5
axb5 13. Nxb5 Ba6 14. a4 O-O 15. Rd1 Rb8 16. Nbd4 Nb4 17. Ba3 Qb6 18. Qd2 $14 {
1/2/Mihalchishin-Ivanov,A/Minsk 1L/1985/}) (10... Qc7 11. Qxc7 Rxc7 12. b3 O-O
13. e4 Nb4 14. Ba3 a5 15. Nd2 Bc6 16. Bb2 Ng4 17. a3 Nd3 18. Ba1 d6 19. h3 Nf6
20. Rfd1 Nc5 21. b4 Na4 22. Ne2 Nd7 23. Nd4 Ba8 24. Bf1 $14 {K,Wojtkiewicz,
A-Tumurhuyag,N/Novi Sad olm/1990/}) 11. Rd1 a6 (11... d6 12. b3 Nb8 13. Bb2
Nbd7 14. e4 a6 15. e5 Nxe5 16. Nxe5 Bxg2 17. Kxg2 dxe5 18. Qxe5 Qc7 19. Qxc7
Rxc7 20. Rd3 Rd7 21. Rxd7 Nxd7 22. Nd5 $14 {Speelman-Chandler/Hastings/1987/})
(11... Qe8 $5 12. b3 Nd8 13. Bb2 Ne6 14. Qe3 Rc5 15. h3 d6 16. Na4 Rh5 17. Nh2
Bxg2 18. Kxg2 Qa8+ 19. f3 d5 20. Bxf6 exf6 21. cxd5 Rxd5 22. Rxd5 Qxd5 23. Nc3
Qc6 24. Rd1 f5 $10 {Cvitan,O-Tunik,G/Katowice op/1992/}) 12. b3 Na7 $5 {
/\b5<=> Black logically wants to free himself , but the drawback is the
somewhat strange position of the Na7.} (12... Qc7 13. Qxc7 Rxc7 14. Nd5 Nxd5
15. cxd5 Ne5 16. Be3 $36 {><<<,/\d6}) 13. Bb2 Qc7 14. Qe3 (14. Qxc7 Rxc7 15.
Nd5 Nxd5 16. cxd5 Rc2 17. Bxg7 Kxg7 18. Rd2 Rfc8 $15 {<->c}) 14... Rfe8 15. Na4
(15. Rbc1 $5 {/\Na4,Nd5} Qc5 $8 16. Qd3 $14) 15... b5 $8 16. cxb5 (16. Nb6 $2
Ng4 17. Qf4 Qxb6 18. Qxg4 Bxb2 19. Rxb2 bxc4 $36 {o^c}) (16. Qxa7 bxa4 17. bxa4
Be4 18. Qxc7 Rxc7 $44 {><a2,a4,c4}) 16... Nxb5 17. Rbc1 Qb8 (17... Qd8 18. Nc5
$16) 18. Bxf6 (18. Rxc8 Bxc8 $14 (18... Qxc8 $6 19. Rc1 $36)) (18. Nc5 $6 Nd5
$1 19. Qd2 Bxb2 20. Qxb2 Ndc3 $1 21. Rxc3 (21. Nxd7 Nxd1) 21... Nxc3 22. Qxc3
d6 $17) 18... Rxc1 19. Rxc1 $6 (19. Qxc1 $142 $1 Bxf6 (19... exf6 20. e3 $14)
20. Rxd7 Rc8 21. Qd1 $14) 19... Bxf6 20. Nc5 Bc8 {Black survived the initial
onslaught and now with the B-pair and a compact pawn structure has nothing to
fear.} 21. a4 (21. b4 d6 22. Ne4 Bg7 23. a4 Nc7 $13 {/\Nd5}) 21... Nc7 22. Qd2
d6 23. Ne4 Bg7 $132 24. Qa5 $6 {White overreaches. The Q will be misplaced
here.} (24. b4 $142 $10) 24... Ne6 25. b4 Bb7 {><Qa5} 26. Neg5 (26. Ne1 Nd4 $36
) (26. Ned2 $142 Rc8 $15 {^^,<->c}) 26... Bh6 $1 {/\Bf3-+} 27. h4 (27. Rd1 Nxg5
28. Nxg5 Bxg2 29. Kxg2 Bxg5 30. Qxg5 Qxb4 $17) 27... f6 28. Nxe6 Bxc1 $17 29.
b5 (29. Nfd4 $5 $17) 29... axb5 30. axb5 Rc8 31. Nfd4 (31. Qa2 Qa8 $19) 31...
Bxg2 32. Kxg2 Qa8+ 33. Qxa8 Rxa8 34. Nc6 Kf7 35. Nc7 Ra1 36. Nd8+ Kg8 37. e3 (
37. b6 Rb1 38. b7 Bd2 {/\Ba5-+}) 37... Bd2 38. Nde6 Ba5 39. Nd5 Kf7 40. Nd4 Rb1
$19 41. Nxe7 (41. Kf3 e5 $19) 41... Kxe7 42. Nc6+ Ke6 43. Nxa5 Rxb5 {Hecht: #
Mehrqualit�t bei 4-4 auf einem Fl�gel, Taktik, Springerfang (Analyse:
Technik)} 44. Nc6 Kd5 45. Ne7+ Ke4 46. Ng8 Ke5 {/\f5,><Ng8} 47. Nh6 $8 d5 (
47... f5 48. Nf7+ Kd5 49. Ng5) 48. Ng4+ Kf5 49. Nh2 Ke4 50. Nf3 Rb4 51. Ng1 (
51. Nd2+ Kd3 52. Nf1 Rb1 $19) 51... d4 52. exd4 Rxd4 53. Nh3 h6 54. Nf4 g5 55.
hxg5 hxg5 56. Nh5 (56. Nh3 {Hecht} Rd2 57. g4 (57. Ng1 g4 58. Kf1 Rd1+ 59. Kg2
Kd3 60. f3 (60. Kh2 Kd2 61. Kg2 Ke1 $19) (60. f4 Rxg1+ 61. Kxg1 Ke3 $19) 60...
Rxg1+ 61. Kxg1 gxf3 62. Kf2 Ke4 63. g4 Kf4 $19) 57... Ra2 58. Kg3 (58. Ng1 Kf4
59. Kh3 Rxf2 60. Ne2+ Ke3 $19) 58... Ra3+ 59. Kg2 Rxh3 60. Kxh3 Kf3 $19) (56.
Ne2 Rc4 57. g4 (57. Ng1 g4 58. Ne2 Kd3 59. Nf4+ (59. Kf1 {Hecht} f5 60. Ng1
Rc1+ 61. Kg2 Kd2 $19) 59... Rxf4 60. gxf4 Ke4 61. f5 Kxf5 62. Kg3 (62. f3 Kf4
$19) 62... Kg5 63. f3 gxf3 64. Kxf3 Kf5 $19) 57... Kd3 58. Kf3 f5 $19) 56...
Kf5 57. Ng7+ (57. f3 Kg6 (57... Rd2+ 58. Kh3 (58. Kg1 Kg6 59. g4 f5 60. Ng3
fxg4 61. fxg4 Rd4 $19) 58... Kg6 59. g4 Ra2 $1 (59... f5 60. Ng3 f4 61. Ne4 Ra2
62. Nxg5 Rf2 63. Kh4 Rh2+ 64. Nh3 Rh1 65. g5 Kf5 66. g6 $10) 60. Kg3 (60. Ng3
Rf2 $19) 60... f5 61. Kh3 f4 62. Nf6 Rf2 $19) 58. g4 f5 59. Kh3 f4 {><Nh5})
57... Kg6 58. Ne6 Rc4 59. Kf3 Kf7 60. Nd8+ Ke7 61. Nb7 Rc7 62. Na5 Rc5 {
Finally trapping White's N.} (62... Rc5 63. Nb7 (63. Nb3 Rc3+) 63... Rb5 $19)
0-1

[Event "Petermaennchen GM"]
[Site "Schwerin"]
[Date "1999.08.11"]
[Round "4"]
[White "Petrosian, Arshak B"]
[Black "Zagrebelny, Sergey"]
[Result "0-1"]
[WhiteElo "2514"]
[BlackElo "2521"]
[Annotator "Stohl,I"]
[PlyCount "74"]
[EventDate "1999.08.09"]
[EventType "tourn"]
[EventRounds "9"]
[EventCountry "GER"]
[EventCategory "10"]
[SourceTitle "CBM 073"]
[Source "ChessBase"]
[SourceDate "1999.12.01"]
[SourceVersion "1"]
[SourceVersionDate "1999.12.01"]
[SourceQuality "1"]

1. Nf3 Nf6 2. c4 b6 3. g3 Bb7 4. Bg2 c5 5. O-O g6 6. Nc3 Bg7 7. d4 cxd4 8. Qxd4
d6 9. Be3 Nbd7 10. Rac1 Nc5 $5 {An interesting and unusual move instead of the
normal continuations} (10... Rc8 {or}) (10... O-O) 11. Rfd1 O-O ({Playable
seems to be also} 11... Ne6 12. Qd3 $5 (12. Qh4 h6 $5 {The most consistent
move, Black immediately wants to exploit the cramped position of Qh4.} (12...
Qc8 13. Nd5 h6 14. Nd4 Kf8 15. Nb5 Qd7 16. Nbc3 Rd8 17. b3 Kg8 18. Ne4 Nxe4 19.
Qxe4 Rb8 20. Qh4 Re8 21. b4 g5 22. Qe4 Nd8 23. Qd3 Nc6 24. Qa3 Kh7 25. b5 Na5
26. c5 $1 $18 {Gavrikov,V-Ballmann,M/SWZ-chT/1995/}) (12... Rc8 13. b3 h6 14.
Nd5 h5 15. Ng5 Bxd5 16. cxd5 Nxg5 17. Qa4+ Nd7 18. Bxg5 O-O 19. Rxc8 Qxc8 20.
Rc1 Qb7 21. Qc6 Qxc6 22. dxc6 Nc5 23. Bxe7 Re8 24. Bxd6 {1-0,Danailov,S-Pivard,
J/Cannes/1990/}) 13. Nd4 (13. Qh3 Rc8 14. b3 Ng5 $5 $132) 13... Bxg2 14. Kxg2
Qd7 $11) (12. Qd2 Ng4 $11 {exchanges the important B.}) 12... O-O 13. Nd5 $14 {
=/<=> is probably the most ambitious.}) 12. Qh4 h5 $5 $146 {Again Black limits
Qh4.} (12... Qc8 13. Bh6 (13. Bh3 $142 $5 $14) 13... Qg4 14. Qxg4 Nxg4 15. Bxg7
Kxg7 16. Nd5 Nf6 17. Nd4 Bxd5 18. cxd5 a5 19. a3 a4 20. Nc6 Rfc8 21. Rc4 Rc7
22. Rb4 Rb7 $11 {Cvitan,O-Contin,D/Reggio Emilia/1993/}) 13. b4 {[%csl Rc4]
><c4} (13. b3 $5 $13) 13... Ncd7 14. Bg5 Rc8 15. Nd5 $6 (15. Bh3 $2 Bxf3 $1 16.
Bxd7 (16. exf3 Ne5 $17) 16... Bxe2 17. Bxc8 Bxd1 $15) (15. Nd2 $5 $11) 15...
Nxd5 16. cxd5 Rxc1 17. Bxc1 Nf6 18. Ne1 (18. e4 Qd7 $36 {[%csl Ra2,Rb4] /\Qg4,
Qa4,׫}) 18... Qd7 $36 {[%cal Yd7a4,Yf8c8] /\Rc8,Qa4} 19. a3 (19. Qc4 Qa4 20.
Qb3 Qxb3 21. axb3 Rc8 $15) (19. Bg5 Qb5 $17) 19... Qa4 20. Rd2 $2 (20. Rd3 $142
$5 Ba6 $36) 20... Qb3 $17 {[%csl Rh4] /-+,><d5 White's position falls apart,
his Q is too far to defend all the vulnerable points.} 21. Bb2 (21. e4 Bh6 22.
Rb2 Qxa3 23. Nc2 Qc3 $19) (21. Qg5 Rc8 22. Bb2 Kh7 $1 {/\Bh6-+}) 21... Bxd5 22.
Bxd5 Nxd5 23. Bxg7 Kxg7 24. Nf3 {Now White's Q stays offside.} (24. Rd3 $5 Qb1
25. Kf1 Nf6 26. Qc4 $17) 24... Nf6 25. Rd3 Qb2 26. Re3 Nd5 27. Re4 (27. Rd3 $2
Qxe2 $19) 27... e5 $1 {[%csl Gd6,Ge5,Gf5] [+]} 28. Kg2 f5 $19 29. Ng5 Rf6 ({
Also possible was the simple} 29... fxe4 30. Ne6+ Kf7 31. Ng5+ (31. Nxf8 Qxe2
$1 {[%cal Rd5e3] ->,/\Ne3}) 31... Kg8 32. Qxe4 Ne7 $19) 30. Rc4 Qd2 (30... Qxe2
$142 $19) 31. Kg1 {A typical move in time-trouble, but it's difficult to
recommend anything better.} Qd1+ 32. Kg2 f4 33. gxf4 (33. Ne4 f3+ $1 34. exf3
Ne3+ $1 35. fxe3 Qxf3+ 36. Kh3 Qf1#) 33... Nxf4+ 34. Rxf4 $8 (34. Kf3 Qh1+ 35.
Ke3 Ng2+) 34... exf4 35. Nf3 Qd5 36. Qh3 Qf5 37. Qh4 Kh6 {/\g5 White's poor Q
is finally trapped.} 0-1

[Event "Corus"]
[Site "Wijk aan Zee"]
[Date "2004.01.11"]
[Round "2"]
[White "Timman, Jan H"]
[Black "Leko, Peter"]
[Result "0-1"]
[WhiteElo "2578"]
[BlackElo "2722"]
[Annotator "Stohl,I"]
[PlyCount "120"]
[EventDate "2004.01.10"]
[EventType "tourn"]
[EventRounds "13"]
[EventCountry "NED"]
[EventCategory "19"]
[SourceTitle "CBM 099"]
[Source "ChessBase"]
[SourceDate "2004.03.30"]
[SourceVersion "1"]
[SourceVersionDate "2004.03.30"]
[SourceQuality "1"]

1. Nf3 c5 2. b3 {Against a well-prepared opponent Timman avoids crucial
topical lines and plays a double-fianchetto setup, which is not so innocuous,
as it seems.} Nf6 3. Bb2 e6 4. g3 b6 5. Bg2 Bb7 6. c4 Be7 7. O-O d6 8. Nc3 O-O
9. e3 Nbd7 10. Qe2 {White waits and doesn't show his hand in the [+] yet.} ({
Kasparov has show already years ago that} 10. d4 a6 $1 11. Qe2 Ne4 {is
sufficient for equality:} 12. Rfd1 Qb8 $5 (12... Qc7 $11) 13. Nxe4 Bxe4 14. Ne5
Bxg2 15. Nxd7 Qb7 16. Nxf8 Bf3 17. Qd3 Rxf8 $44 18. Rd2 (18. d5 $5 $11) 18...
f5 19. Re1 Qc8 20. Qc3 Rf6 21. a3 $2 Qe8 $1 22. dxc5 Qh5 23. h4 Qg4 24. Kh2
bxc5 25. Rh1 Rg6 26. Kg1 Bxh4 27. Qa5 h6 {0-1,Smyslov,V-Kasparov,G/Moscow/1981/
}) 10... a6 11. Rfd1 Qc7 (11... Re8 $5 12. d4 Ne4 (12... cxd4 13. Nxd4 Bxg2 14.
Kxg2 Qc7 15. Rd2 Bf8 16. Rad1 Rac8 17. Kg1 Qb7 18. Qf3 Qxf3 19. Nxf3 Nc5 $11 {
Andersson,U-Hjartarson,J/Reykjavik/1991/}) 13. Nxe4 Bxe4 14. Nd2 Bxg2 15. Kxg2
Nf6 16. Rac1 Ra7 $11 {1/2,Smejkal,J-Kasparov,G/Moscow/1981/}) (11... Ra7 12. d4
Ne4 13. Rac1 Qa8 $6 (13... Re8 $142) 14. d5 $1 Nxc3 15. Bxc3 exd5 16. cxd5 Bf6
(16... Bxd5 17. Rxd5 $1 Qxd5 18. Nd4 $18) 17. Nd2 Bxc3 18. Rxc3 Bxd5 $6 (18...
b5 19. e4 $36) 19. Bxd5 Qxd5 20. Nc4 Qa8 21. Rxd6 Nf6 22. Nxb6 Qb7 23. Rxf6 $1
gxf6 24. Na4 $16 {Hertneck,G-Ftacnik,L/Vienna/1996/}) 12. Rac1 (12. d3 Rfe8 13.
Rac1 Rac8 14. Ne1 Bf8 15. Bxb7 Qxb7 16. Qf3 Qb8 17. Qg2 b5 18. g4 Red8 19. Nf3
g6 $13 {1/2,Hickl,J-Ivanchuk,V/Panormo/2001/}) 12... Ne4 {Leko decides to
resolve the position, but Black could have as well waited in true Hedgehog
style:} (12... Rac8 13. d4 Rfe8 14. Ne1 (14. e4 cxd4 15. Nxd4 Bf8 $132 {
leads to a typical Hedgehog position with mutual chances.}) 14... cxd4 15. exd4
Bf8 16. Qf1 Bxg2 17. Qxg2 Qb8 18. a4 Qa8 19. Nc2 d5 20. Ba3 dxc4 21. Qxa8 Rxa8
22. bxc4 Bxa3 23. Nxa3 e5 $11 {Ullrich,F-Wahls,M/Bundesliga 8586/1986/}) (12...
Rfe8 13. d4 cxd4 (13... Ne4 $11 {is more solid}) 14. exd4 Bf8 15. Qd2 Rad8 16.
d5 e5 17. Rf1 g6 18. Ng5 h6 19. Nge4 Nxe4 20. Nxe4 f5 21. Nc3 Bg7 22. Kh1 Re7
23. f4 Rde8 $13 {Karlsson,L-Akesson,R/Malmo/1999/}) 13. Nxe4 (13. Nb1 {is too
artificial and promises White nothing after} b5 $1 14. d3 Nef6 15. Nbd2 Qa5 16.
a3 Rfc8 17. d4 b4 18. axb4 Qxb4 19. Bc3 Qb6 20. Ra1 Ne4 21. Ba5 Qa7 22. Qd3
Nxd2 23. Rxd2 Nf6 $11 {Hort,V-Gavrikov,V/Lugano op/1989/}) 13... Bxe4 14. d3
Bc6 ({Slightly more accurate is} 14... Bb7 $142 15. d4 Nf6 16. Ne1 Bxg2 17.
Nxg2 Rfe8 18. Nf4 Qb7 19. dxc5 {1/2,Tal,M-Yudasin,L/New York op/1990/}) 15. d4
Be4 ({Here after the analogous} 15... Nf6 {Black must reckon with} 16. d5 $1
exd5 17. cxd5 Nxd5 (17... Bxd5 $2 18. Bxf6 Bxf3 19. Bxf3 $16) 18. Nd4 $1 Nb4
19. Nf5 $40 (19. Nxc6 Nxc6 20. Qg4 $40)) 16. Ne1 (16. d5 exd5 17. cxd5 Bf6 $132
) 16... Bxg2 17. Nxg2 Rad8 {This rather careless move enables White's central
advance, moreover the R will have to be repositioned only 2 moves later.} (
17... Nf6 18. d5 $5 (18. e4 cxd4 19. Bxd4 Nd7 $11 {/+/=}) 18... e5 (18... exd5
19. Bxf6 Bxf6 20. Rxd5 $16 {[%csl Rd5,Rd6] ><d6,d5}) 19. e4 $14 {()}) (17...
cxd4 18. exd4 Rfe8 {/\} 19. d5 Bg5 $1 $132) (17... Bf6 $5 18. Nf4 g6 {[%cal
Yf6g7,Yf8e8,Ya8c8] /\Bg7,Rfe8,Rac8=} 19. dxc5 bxc5 $11 (19... dxc5 $4 20. Rxd7
$18)) 18. d5 e5 $6 ({More testing was} 18... Bf6 $142 $5 {Black will at least
exchange his passive B.} 19. dxe6 fxe6 20. Nf4 Rfe8 $14 {/~~<=> and White's
edge is at best still minimal.}) (18... exd5 $2 19. Nf4 $1 $16) 19. e4 $36 Rde8
20. Rf1 Qd8 21. Rce1 Bf6 22. Ne3 ({The further course of the game shows White
could have immediately played} 22. f4 $5 $14 {Timman returns to this natural
plan in a very similar position.}) 22... g6 23. Qc2 h5 24. Kh1 Qe7 (24... h4 $5
{seems to be more consistent, as later in the game Black exchanges on f4 and
his 23-rd move thus only weakens his >>.} 25. Ng2 (25. Ng4 Bg7 {[%cal Yf7f5] /
\f5<=>}) 25... hxg3 26. fxg3 $14) 25. Bc3 Bg7 (25... b5 26. cxb5 $5 axb5 27. a4
$14) 26. Ng2 $5 {See the note to move 22.} b5 {With White's N already away
from e3 this is more to the point than one move earlier.} 27. f4 {[%cal Yf4f5]}
exf4 {Black naturally doesn't want to allow the cramping f5, but now White's 
[+] becomes a force to reckon with.} ({Safer was the passive} 27... Bh6 $5 28.
f5 Kh7 $14) 28. gxf4 $36 {[%csl Ge4,Gf4]} bxc4 29. Bxg7 Kxg7 30. bxc4 Nf6 {
Provocative, but after} (30... Kh7 31. Rf3 $36 {Black must always reckon with
a [+] break anyway.}) 31. e5 Ng4 32. e6 $2 {This impetuous move throws away
the advantage.} (32. Ne3 Nh6 33. Qc3 $36) (32. Qc3 $1 $16) 32... Nh6 $1 33. Rg1
$6 ({The intended} 33. f5 Nxf5 34. Rxf5 gxf5 35. Nf4 {fails to impress after}
Kh6 36. Qxf5 (36. Qd2 Rg8 $1 $17) 36... Qg5 $17) (33. exf7 Qxf7 34. Qc3+ $11 {
would probably still be enough for a draw, but Timman unwisely persists.}) (33.
Qa4 $5 $13) 33... Qf6 ({Patience is necessary:} 33... Nf5 $2 34. Ne3 $1 Nd4 35.
Qe4 {/\f5->}) 34. Qe4 (34. Ne3 $5 Qxf4 (34... fxe6 35. dxe6 Rxe6 36. Nd5 Qf7
37. Qc3+ Kh7 38. Rxe6 Qxe6 39. Re1 Qf5 40. Re7+ $44) 35. Qg2 $44 {/\} Re7 36.
exf7 Qxf7 37. Ref1 Qe8 38. Rxf8 Kxf8 39. Qxg6 Qxg6 40. Rxg6 Rxe3 41. Rxh6 $11)
34... Kh7 $1 (34... Nf5 {still isn't ideal due to} 35. Ne3 $1 fxe6 36. dxe6
Nxe3 37. Rxe3 Qf5 38. Qb7+ Rf7 $1 39. Qxf7+ Qxf7 40. exf7 Rxe3 41. Rxg6+ Kxf7
42. Rxd6 Re1+ $11) 35. Ne3 $6 {Loses a P immediately.} (35. Qf3 fxe6 36. dxe6
Rxe6 37. Rxe6 Qxe6 $17 {/\} 38. Qb7+ Rf7 39. Qxa6 Qh3 $1 $19) (35. Rgf1 Nf5 $36
) (35. Qb1 $5 $15) 35... fxe6 36. dxe6 Qxe6 37. Qb7+ Rf7 38. Qg2 (38. Qxa6 Qe4+
39. Ng2 Ng4 $1 40. Ref1 (40. Rgf1 Qd3 {[%cal Rd3h3] /\Qh3-+}) 40... Qd3 41. Ne1
Qh3 42. Nf3 (42. Rg2 Nxh2 $19) 42... Re2 $1 43. Ng5+ (43. Rxg4 Qxf1+ $19) 43...
Kh6 44. Nxf7+ Kg7 $19) 38... Qe4 39. Nd5 Qxg2+ 40. Kxg2 Rb8 {[%mdl 4160]
Despite the extra P Black's technical task is still not easy. Leko realizes
his _|_ advantage with the help of clever tactics.} (40... Rxe1 41. Rxe1 Rb7 $5
$15) 41. Re2 $6 (41. Re6 $142 Rb2+ (41... Nf5 42. Kh3 $132) 42. Kh3 Ng4 43. Rg2
$15) 41... Nf5 42. Kh3 Nd4 43. Reg2 Nf3 44. Rf1 (44. Rd1 $142 Rg8 $1 {[%cal
Rg6g5] /\g5->}) 44... g5 $1 45. Rgf2 (45. Rxf3 g4+ 46. Rxg4 hxg4+ 47. Kxg4 Rg8+
$17) (45. fxg5 $2 Nxg5+ 46. Rxg5 Rxf1 47. Rxh5+ Kg6 $19) 45... g4+ 46. Kg3 Re8
{[%cal Ye8e4,Yh7f5] /\Re4,Kg6-f5-+} 47. h3 {This allows Black to further
improve his position with a neat tactic, but the game most probably was
already beyond saving anyway.} h4+ $1 48. Kg2 (48. Kxg4 Rg7+ $1 49. Kh5 (49.
Kxf3 Rg3#) (49. Kf5 Nd4+ 50. Kf6 Re6#) 49... Re5+ 50. fxe5 Rg5#) 48... Ne1+ 49.
Kg1 g3 $19 {White's K is now in a permanent mating net, Black's forces will
gradually close in.} 50. Rd2 Rf5 51. Nc7 (51. a4 Re4 $22 $19 {and White can't
keep the Ne1 trapped forever, as he will run out of moves.}) 51... Re3 52. Rxd6
Nf3+ 53. Kh1 (53. Kg2 Nh2 54. Rd7+ Kg6 $19) 53... Nd4 (53... Rxf4 54. Re6 Rd3
$19) 54. Rd7+ Kg6 55. Nd5 (55. Rd6+ Kh5 $19) 55... Re2 56. Kg1 (56. Ne7+ Kh5
57. Kg1 (57. Nxf5 Rh2+ 58. Kg1 Ne2#) 57... Rf7 58. Rd5+ Kh6 59. Nc6 g2 60. Nxd4
gxf1=Q+ 61. Kxf1 Re4 $19) 56... Rh2 57. Nc3 (57. Ne7+ Kf6 58. Rxd4 (58. Ng8+
Ke6 $19) 58... cxd4 59. Nxf5 Kxf5 60. Rd1 Ke4 $5 $19) 57... Rc2 58. Nd5 Rh2 59.
Nc3 Rf7 $1 60. f5+ (60. Rd6+ Kh7 61. f5 (61. Rd5 Rc2 $19) 61... Re7 $1 {
[%cal Re7e2] /\Ree2-+}) 60... Rxf5 0-1